000 00818nam a22002417a 4500
008 131119b xxu||||| |||| 00| 0 eng d
020 _a0-7503-0163-5
024 _cAvailable
037 _cAvailable
040 _aMBSTU LBIRARY
_dMBSTU LBIRARY
082 _222
_a661 FBC
100 _aInternational Fluidezed Combustion Conference.
245 _aFBC technology and the environmental challenge.
260 _aNew York
_bAdam Hilger
_c1991
300 _a24 cm.
_b396 page
_f1
_g24 cm.
600 _2Technology of industrial chamicals.
650 _2Technology of industrial chamicals.
700 _aInternational Fluidezed Combustion Conference.
270 _aNew York
_bNew York
_dUSA
365 _b7200.00
_d7200.00
942 _2ddc
_cBK
999 _c860
_d860